History Quiz

Random History or Politics Quiz

US Senate Majority Leaders Quiz Stats

 Plays Quiz Updated Jan 22, 2021

Support Sporcle.
Go Orange.
Score 0/25 Timer 05:00
3 Plays Today
Years Name % Correct
2021-presentChuck Schumer
94.1%
2015-2021Mitch McConnell
91.8%
2007-2015Harry Reid
82.5%
1955-1961Lyndon Johnson
59.1%
1985-1987Bob Dole
49%
1995-1996Bob Dole
48.9%
1996-2001Trent Lott
47%
2001Trent Lott
46.9%
2001Tom Daschle
46.2%
2001-2003Tom Daschle
46.2%
1977-1981Robert Byrd
42.2%
1987-1989Robert Byrd
42.2%
2003-2007Bill Frist
37.3%
Years Name % Correct
1961-1977Mike Mansfield
29.2%
1989-1995George Mitchell
26.9%
1953Robert Taft
25.9%
1981-1985Howard Baker
24.1%
1937-1947Alben W. Barkley
17%
1933-1937Joseph T. Robinson
12.9%
1925-1929Charles Curtis
12.7%
1953-1955William F. Knowland
11.3%
1947-1949Wallace H. White Jr.
10.5%
1951-1953Ernest McFarland
10.4%
1949-1951Scott Lucas
9.5%
1929-1933James E. Watson
8%

You're not logged in!

Compare scores with friends on all Sporcle quizzes.
OR
Log In

From the Vault

Billion Dollar Animated Movies

by Treverbeast454

We'd be pretty animated too if we made a billion dollars.
Remove Ads.
Support Sporcle.
Get the best of Sporcle when you Go Orange. This ad-free experience offers more features, more stats, and more fun while also helping to support Sporcle. Thank you for becoming a member.

Show Comments

Extras

Top Quizzes Today


Score Distribution

Your Account Isn't Verified!

In order to create a playlist on Sporcle, you need to verify the email address you used during registration. Go to your Sporcle Settings to finish the process.

Report this User

Report this user for behavior that violates our Community Guidelines.

Details: